| 000 | 00597cam a2200217 4500 | ||
|---|---|---|---|
| 008 | 000000n2001 000 0 eng u | ||
| 020 | _a0632056827 | ||
| 035 | _a(Sirsi) u112178 | ||
| 050 | _a344.410465 | ||
| 100 | _aSt. John Holt, Allan | ||
| 245 | _aPrinciples of construction safety | ||
| 260 |
_aOxford _bBlackwell Science _c2001 |
||
| 300 | _av, 278p. ; 30cm. | ||
| 350 | _a45.00 | ||
| 650 |
_aHEALTH AND SAFETY _96244 |
||
| 650 | _aRISK ASSESSMENT | ||
| 650 | _aCAREERS, EDUCATION AND TRAINING | ||
| 650 | _aLAW | ||
| 690 | _aBUILT ENVIRONMENT-BUILDING STANDARDS | ||
| 942 | _n0 | ||
| 999 |
_c101367 _d101367 |
||